আইন-শব্দকোষ / (Record no. 44014)
[ view plain ]
| 000 -LEADER | |
|---|---|
| fixed length control field | 01736nam a2200265 a 4500 |
| 001 - CONTROL NUMBER | |
| control field | 44014 |
| 003 - CONTROL NUMBER IDENTIFIER | |
| rucl marc code | BD-RjUL |
| 005 - DATE AND TIME OF LATEST TRANSACTION | |
| control field | 20211209053802.0 |
| 008 - FIXED-LENGTH DATA ELEMENTS--GENERAL INFORMATION | |
| fixed length control field | 160712s2006 bg ||||| |||| 00| 0 ben d |
| 020 ## - INTERNATIONAL STANDARD BOOK NUMBER | |
| International Standard Book Number | 984868414X |
| Terms of availability | : Tk. 1500.00 |
| 035 ## - SYSTEM CONTROL NUMBER | |
| System control number | (BD-RjUL)44132 |
| 040 ## - CATALOGING SOURCE | |
| Original cataloging agency | BD-RjUL |
| Language of cataloging | ben |
| Transcribing agency | BD-RjUL |
| Modifying agency | BD-RjUL |
| 041 ## - LANGUAGE CODE | |
| Language code of text/sound track or separate title | ben |
| 082 ## - DEWEY DECIMAL CLASSIFICATION NUMBER | |
| Edition number | 23 |
| Classification number | 340.31 |
| Author mark and year | AIN 2006 |
| 245 00 - TITLE STATEMENT | |
| Title | আইন-শব্দকোষ / |
| Statement of responsibility, etc. | সংকলন ও সম্পাদনা মুহাম্মদ হাবিবুর রহমান, আনিসুজ্জামান |
| 260 ## - PUBLICATION, DISTRIBUTION, ETC. (IMPRINT) | |
| Place of publication, distribution, etc. | ঢাকা: |
| Name of publisher, distributor, etc. | অন্যপ্রকাশ, |
| Date of publication, distribution, etc. | ২০০৬ |
| 300 ## - PHYSICAL DESCRIPTION | |
| Pagination | ১৬, ১৩১২ পৃ. ; |
| Size | ২২ সেমি. |
| 500 ## - GENERAL NOTE | |
| General note | " কানাডীয় আর্ন্জাতিক উন্নয়ন-সংস্থার (সিডা) অর্থানুকূল্যে সিডার াাইনি সংস্কার প্রকল্প, প্রথম ভাগের অংশরূপে এবং কানাডার বিচার বিভাগের প্রায়োগিক কৌশলগত সহায়তায় এই গ্রন্থ মুদ্রিত হয়েছে।" |
| 504 ## - BIBLIOGRAPHY, ETC. NOTE | |
| Bibliography, etc | নির্ঘন্ট এবং গ্রন্থপঞ্জি সংযুক্ত |
| 650 ## - SUBJECT ADDED ENTRY--TOPICAL TERM | |
| Topical term or geographic name as entry element | আইন |
| Geographic subdivision | বাংলাদেশ |
| Form subdivision | অভিধান |
| 9 (RLIN) | 135194 |
| Topical term or geographic name as entry element | Law |
| Geographic subdivision | Bangladesh |
| Form subdivision | Dictionaries |
| 9 (RLIN) | 135195 |
| 700 ## - ADDED ENTRY--PERSONAL NAME | |
| Personal name | রহমান, মুহাম্মদ হাবিবুর, সংকলক ও সম্পাদক |
| Personal name | আনিসুজ্জামান, যুগ্ম সংকলক ও সম্পাদক |
| 942 ## - ADDED ENTRY ELEMENTS (KOHA) | |
| Source of classification or shelving scheme | Dewey Decimal Classification |
| Koha item type | Reference |
| Lost status | Source of classification or shelving scheme | Damaged status | Not for loan | Collection code | Permanent Location | Current Location | Shelving location | Date acquired | Source of acquisition | Cost, normal purchase price | Total Checkouts | Full call number | Date last seen | Copy number | Koha item type |
|---|---|---|---|---|---|---|---|---|---|---|---|---|---|---|---|
| Dewey Decimal Classification | Not For Loan | Non-fiction | Central Library, University of Rajshahi | Central Library, University of Rajshahi | 03/08/2014 | Chittagaon, Batighor | 1125.00 | BR 340.31 AIN 2006 | 12/07/2016 | C-1 | Reference |